| 000 -LEADER |
| fixed length control field |
00945cam a2200313 i 4500 |
| 001 - CONTROL NUMBER |
| control field |
016970615 |
| 003 - CONTROL NUMBER IDENTIFIER |
| control field |
Uk |
| 005 - DATE AND TIME OF LATEST TRANSACTION |
| control field |
20230829114844.0 |
| 008 - FIXED-LENGTH DATA ELEMENTS--GENERAL INFORMATION |
| fixed length control field |
141013s2014 enka j 000 0 eng d |
| 015 ## - NATIONAL BIBLIOGRAPHY NUMBER |
| National bibliography number |
GBB5A7570 |
| Source |
bnb |
| 016 7# - NATIONAL BIBLIOGRAPHIC AGENCY CONTROL NUMBER |
| Record control number |
016970615 |
| Source |
Uk |
| 020 ## - INTERNATIONAL STANDARD BOOK NUMBER |
| International Standard Book Number |
9781906622305 (pbk.) : |
| 035 ## - SYSTEM CONTROL NUMBER |
| System control number |
(UkCU)5989269 |
| 038 ## - RECORD CONTENT LICENSOR |
| Record content licensor |
UkLoRLUK |
| 040 ## - CATALOGING SOURCE |
| Original cataloging agency |
UK-WkNB |
| Language of cataloging |
eng |
| Transcribing agency |
UK-WkNB |
| Modifying agency |
UkCU |
| -- |
KH8 |
| 042 ## - AUTHENTICATION CODE |
| Authentication code |
ukscp |
| 043 ## - GEOGRAPHIC AREA CODE |
| Geographic area code |
e-uk--- |
| 082 ## - DEWEY DECIMAL CLASSIFICATION NUMBER |
| Classification number |
510 PEA |
| 100 1# - MAIN ENTRY--PERSONAL NAME |
| Personal name |
Pearce, Stephen, |
| Relator term |
author. |
| 245 10 - TITLE STATEMENT |
| Title |
Target your maths. |
| Number of part/section of a work |
Year 6 / |
| Statement of responsibility, etc. |
Stephen Pearce. |
| 264 #1 - PRODUCTION, PUBLICATION, DISTRIBUTION, MANUFACTURE, AND COPYRIGHT NOTICE |
| Place of production, publication, distribution, manufacture |
Welwyn Garden City, Herts. : |
| Name of producer, publisher, distributor, manufacturer |
Elmwood education, |
| Date of production, publication, distribution, manufacture, or copyright notice |
2014. |
| 300 ## - PHYSICAL DESCRIPTION |
| Extent |
166 pages : |
| Other physical details |
illustrations (colour) ; |
| Dimensions |
28 cm |
| 336 ## - CONTENT TYPE |
| Content type term |
text |
| Source |
rdacontent |
| 337 ## - MEDIA TYPE |
| Media type term |
unmediated |
| Source |
rdamedia |
| 338 ## - CARRIER TYPE |
| Carrier type term |
volume |
| Source |
rdacarrier |
| 650 #0 - SUBJECT ADDED ENTRY--TOPICAL TERM |
| Topical term or geographic name entry element |
Mathematics |
| General subdivision |
Study and teaching (Elementary) |
| Geographic subdivision |
Great Britain. |
| 650 #0 - SUBJECT ADDED ENTRY--TOPICAL TERM |
| Topical term or geographic name entry element |
Mathematics |
| Form subdivision |
Problems, exercises, etc. |
| 942 ## - ADDED ENTRY ELEMENTS (KOHA) |
| Source of classification or shelving scheme |
|
| Koha item type |
Teaching Resources |